Sustainable Land Management : (Record no. 610391)

MARC details
000 -LEADER
fixed length control field 00482nam a2200181 a 4500
001 - CONTROL NUMBER
control field 1770285651967
003 - CONTROL NUMBER IDENTIFIER
control field YourLibrary
005 - DATE AND TIME OF LATEST TRANSACTION
control field 20260205153741.0
008 - FIXED-LENGTH DATA ELEMENTS--GENERAL INFORMATION
fixed length control field 260205s2008##################000#0#eng##
020 ## - INTERNATIONAL STANDARD BOOK NUMBER
International Standard Book Number 9781845429027
082 04 - DEWEY DECIMAL CLASSIFICATION NUMBER
Classification number 333
Item number BRO
040 ## - CATALOGING SOURCE
Original cataloging agency YourLibrary
Language of cataloging eng
Transcribing agency YourLibrary
100 1# - MAIN ENTRY--PERSONAL NAME
Personal name Brouwer, Floor,
Relator term author.
245 10 - TITLE STATEMENT
Title Sustainable Land Management :
260 ## - PUBLICATION, DISTRIBUTION, ETC.
Name of publisher, distributor, etc. Edward Elgar Publishing,
Date of publication, distribution, etc. 2008.
650 #0 - SUBJECT ADDED ENTRY--TOPICAL TERM
Topical term or geographic name entry element Land use, Rural.
942 ## - ADDED ENTRY ELEMENTS (KOHA)
Koha item type English Books
Holdings
Withdrawn status Lost status Damaged status Not for loan Home library Current library Shelving location Date acquired Total Checkouts Full call number Barcode Date last seen Price effective from Koha item type
        Anna Centenary Library Anna Centenary Library 4TH FLOOR, A WING 05.02.2026   333 BRO 343789 05.02.2026 05.02.2026 English Books

Find us on the map